[Event "Montevideo Duchamp Cup 7th"]
[Site "Montevideo"]
[Date "2024.02.02"]
[Round "2"]
[White "Soto, Nicolas"]
[Black "Gonzalez Bodega, Juliana"]
[Result "1-0"]
[WhiteElo "1991"]
[BlackElo "1267"]
[PlyCount "69"]
[EventDate "2024.02.01"]
[EventType "swiss"]
[EventRounds "9"]
[EventCountry "URU"]
[SourceTitle "CB07_2024"]
[SourceDate "2024.02.14"]
[SourceVersion "1"]
[SourceVersionDate "2024.02.14"]
[SourceQuality "1"]

1. e4 c6 2. d4 d5 3. e5 Bf5 4. h4 h5 5. c4 e6 6. Nc3 Ne7 7. Nge2 Bg6 8. Nf4 Bf5 9. Nxh5 Nd7 10. g4 Bh7 11. Bg5 Qb6 12. Qd2 dxc4 13. Bxc4 Nd5 14. Bxd5 cxd5 15. a3 Nb8 16. Kf1 Nc6 17. Rd1 Na5 18. Qe2 Nb3 19. Be3 Rc8 20. Kg2 Rc4 21. f3 Nxd4 22. Rxd4 Rxd4 23. b4 a5 24. Qf2 axb4 25. Bxd4 Qc7 26. axb4 Bxb4 27. Qe3 0-0 28. Qg5 Bg6 29. Rc1 Qc4 30. Qe3 Ra8 31. Ne2 Qb5 32. Nhf4 Bh7 33. g5 Ra3 34. Rc8+ Bf8 35. Qxa3 1-0

[Event "Montevideo Trebejos Autumn op"]
[Site "Montevideo"]
[Date "2023.05.03"]
[Round "1"]
[White "Areeb, Jazy"]
[Black "Soto, Nicolas"]
[Result "1/2-1/2"]
[WhiteElo "1635"]
[BlackElo "1973"]
[PlyCount "99"]
[EventDate "2023.05.03"]
[EventType "swiss"]
[EventRounds "5"]
[EventCountry "URU"]
[SourceTitle "EXT 2024"]
[Source "ChessBase"]
[SourceDate "2023.10.10"]
[SourceVersion "1"]
[SourceVersionDate "2023.10.10"]
[SourceQuality "1"]

1. e4 e6 2. d4 d5 3. Nd2 Nf6 4. Bd3 c5 5. c3 cxd4 6. cxd4 Nc6 7. e5 Nd7 8. Ne2 f6 9. f4 Qb6 10. Nf3 Bb4+ 11. Bd2 0-0 12. 0-0 Be7 13. Qc2 f5 14. g4 Ndb8 15. Kh1 Nb4 16. Bxb4 Qxb4 17. Ng5 Nc6 18. Nxe6 Bxe6 19. gxf5 Nxd4 20. Nxd4 Qxd4 21. fxe6 Rxf4 22. Bxh7+ Kh8 23. Bg6 Qxe5 24. Rxf4 Qxf4 25. Qg2 Qh6 26. Rd1 Rc8 27. Bf7 Bd6 28. Qd2 Qh3 29. Qe2 Rc4 30. Qh5+ Qxh5 31. Bxh5 Re4 32. Bf7 d4 33. Rd3 g5 34. Kg2 Kg7 35. h3 Kf6 36. Kf3 Ke5 37. Rb3 Rf4+ 38. Ke2 b6 39. Rb5+ Kf6 40. Rd5 Be7 41. a3 a5 42. Rb5 Bd8 43. Rd5 Be7 44. Rd7 Rh4 45. Rb7 Bc5 46. b4 axb4 47. axb4 Bxb4 48. Rxb6 Be7 49. Rb3 Re4+ 50. Kf2 1/2-1/2

[Event "Montevideo Duchamp Cup 4th"]
[Site "Montevideo"]
[Date "2020.02.15"]
[Round "9"]
[White "Soto, Nicolas"]
[Black "Avedisian, Alexander"]
[Result "1/2-1/2"]
[WhiteElo "2002"]
[BlackElo "1892"]
[PlyCount "170"]
[EventDate "2020.02.08"]
[EventType "swiss"]
[EventRounds "9"]
[EventCountry "URU"]
[SourceTitle "CBM 194 Extra"]
[Source "ChessBase"]
[SourceDate "2020.03.31"]
[SourceVersion "1"]
[SourceVersionDate "2020.03.31"]
[SourceQuality "1"]

1. e4 c5 2. Nf3 g6 3. d4 cxd4 4. Nxd4 Nf6 5. Nc3 Nc6 6. Bc4 Bg7 7. Be3 Qa5 8. 0-0 0-0 9. Bb3 d6 10. f3 Bd7 11. Qd2 Rac8 12. Rad1 Rfe8 13. Nxc6 Bxc6 14. Kh1 Nd7 15. Bd4 Bxd4 16. Qxd4 Qc5 17. Qd2 Ne5 18. Qh6 e6 19. h4 Bb5 20. Nxb5 Qxb5 21. Rf2 a5 22. a4 Qb4 23. Qd2 Qc5 24. Qd4 Nc4 25. Bxc4 Qxc4 26. Qxc4 Rxc4 27. Rxd6 Rxa4 28. Rb6 Re7 29. Rd2 f5 30. b3 Ra1+ 31. Kh2 a4 32. bxa4 Rxa4 33. Re2 Ra6 34. Rxa6 bxa6 35. exf5 gxf5 36. Re5 Kf7 37. Ra5 Rc7 38. Rxa6 Rxc2 39. Kg3 h5 40. Ra7+ Kf6 41. Rh7 Kg6 42. Rh8 e5 43. Rg8+ Kh6 44. Rg5 f4+ 45. Kh2 Re2 46. Kg1 e4 47. fxe4 Rxe4 48. Kf2 Ra4 49. Kf3 Rb4 50. Re5 Kg6 51. Rg5+ Kh6 52. Rf5 Kg6 53. Rxf4 Rb3+ 54. Kf2 Ra3 55. Rf3 Ra2+ 56. Kg3 Ra4 57. Rb3 Rc4 58. Rb6+ Kf5 59. Rb5+ Kg6 60. Kh3 Rc3+ 61. g3 Rc6 62. Rg5+ Kh6 63. Kg2 Rc3 64. Kf2 Ra3 65. Re5 Kg6 66. Re6+ Kh7 67. Re3 Ra4 68. Kf3 Kg6 69. Re4 Ra5 70. Kf4 Rf5+ 71. Ke3 Ra5 72. Re8 Ra3+ 73. Kf4 Ra4+ 74. Re4 Ra6 75. Rd4 Re6 76. Rd5 Rf6+ 77. Ke4 Re6+ 78. Kd4 Re1 79. Rg5+ Kh6 80. Re5 Rg1 81. Re3 Rf1 82. Re6+ Kg7 83. Ke5 Rf3 84. Re7+ Kg6 85. Re6+ Kg7 1/2-1/2

[Event "Montevideo Duchamp Cup 4th"]
[Site "Montevideo"]
[Date "2020.02.10"]
[Round "4"]
[White "Contin, Daniel"]
[Black "Soto, Nicolas"]
[Result "0-1"]
[WhiteElo "2267"]
[BlackElo "2002"]
[PlyCount "110"]
[EventDate "2020.02.08"]
[EventType "swiss"]
[EventRounds "9"]
[EventCountry "URU"]
[SourceTitle "CBM 194 Extra"]
[Source "ChessBase"]
[SourceDate "2020.03.31"]
[SourceVersion "1"]
[SourceVersionDate "2020.03.31"]
[SourceQuality "1"]

1. c4 e5 2. Nc3 Nf6 3. Nf3 Nc6 4. g3 Bb4 5. Bg2 0-0 6. 0-0 e4 7. Ng5 Bxc3 8. bxc3 Re8 9. f3 e3 10. d3 d5 11. cxd5 Nxd5 12. Qb3 Na5 13. Qa3 b6 14. f4 Bb7 15. Rb1 c5 16. Ne4 Qc7 17. f5 f6 18. Nxc5 bxc5 19. Rb5 Nxc3 20. Qxc3 Bxg2 21. Rf4 Bh1 22. Qxc5 Qxc5 23. Rxc5 Nb7 24. Rc7 Bd5 25. Rg4 Bf7 26. Rxb7 Rac8 27. Bb2 Rc2 28. Kf1 Rec8 29. Re4 Bd5 30. Rb5 Bxe4 31. dxe4 Rd2 32. e5 fxe5 33. Bxe5 Rcc2 34. Kg2 Rxe2+ 35. Kf3 Re1 36. Rb8+ Kf7 37. Bd6 g5 38. Kg4 h6 39. Rb7+ Ke8 40. Kh5 Rf1 41. Re7+ Kd8 42. Kxh6 e2 43. Bb4 Rxf5 44. Re3 Rxa2 45. Kg6 Rb5 46. Be7+ Kd7 47. Bxg5 Rb1 48. h4 e1Q 49. Rxe1 Rxe1 50. h5 Rg2 51. Bf4 Rxg3+ 52. Bxg3 Rg1 53. h6 Rxg3+ 54. Kh7 Rh3 55. Kg7 a5 0-1

[Event "URU-ch sf"]
[Site "Montevideo"]
[Date "2019.03.02"]
[Round "3"]
[White "Soto, Nicolas"]
[Black "Quevedo, Andreina"]
[Result "1-0"]
[WhiteElo "1997"]
[BlackElo "1789"]
[PlyCount "93"]
[EventDate "2019.03.01"]
[EventType "swiss"]
[EventRounds "8"]
[EventCountry "URU"]
[SourceTitle "CBM 189 Extra"]
[Source "ChessBase"]
[SourceDate "2019.06.03"]
[SourceVersion "1"]
[SourceVersionDate "2019.06.03"]
[SourceQuality "1"]

1. e4 e5 2. Nf3 Nc6 3. Bb5 a6 4. Ba4 Nf6 5. d3 b5 6. Bb3 Bc5 7. Nc3 d6 8. h3 h6 9. a4 Rb8 10. axb5 axb5 11. 0-0 0-0 12. Be3 Bxe3 13. fxe3 Nh7 14. Qe1 Be6 15. Nd5 Ne7 16. Ra7 Bxd5 17. exd5 Nc8 18. Ra6 Nb6 19. e4 Ra8 20. Rxa8 Qxa8 21. Qc3 Nf6 22. Qxc7 Qb8 23. Qxb8 Rxb8 24. Ra1 Ra8 25. Rxa8+ Nxa8 26. Kf2 Nb6 27. c3 Kf8 28. Bc2 Nfd7 29. b3 g6 30. g4 Nc8 31. d4 f6 32. Ke3 Kf7 33. Bd3 Na7 34. Nd2 Nb6 35. dxe5 fxe5 36. b4 Ke7 37. Nb1 Na8 38. Na3 Nc7 39. h4 Kd7 40. Be2 Kc8 41. g5 h5 42. Bf1 Kd8 43. Kd2 Kc8 44. Kc2 Kb7 45. Kb3 Na8 46. Bxb5 Nxb5 47. Nxb5 1-0

[Event "Montevideo Duchamp Cup 3rd"]
[Site "Montevideo"]
[Date "2019.02.11"]
[Round "4"]
[White "Salinas Herrera, Pablo Patricio"]
[Black "Soto, Nicolas"]
[Result "1-0"]
[WhiteElo "2477"]
[BlackElo "1982"]
[PlyCount "61"]
[EventDate "2019.02.09"]
[EventType "swiss"]
[EventRounds "9"]
[EventCountry "URU"]
[SourceTitle "CBM 188 Extra"]
[Source "ChessBase"]
[SourceDate "2019.02.26"]
[SourceVersion "1"]
[SourceVersionDate "2019.02.26"]
[SourceQuality "1"]

1. Nf3 Nf6 2. d4 d5 3. c4 c6 4. Nbd2 Bf5 5. Nh4 Bg6 6. Qb3 Qc7 7. Nxg6 hxg6 8. g3 e6 9. Bg2 Nbd7 10. 0-0 Qb6 11. Qd3 a5 12. cxd5 cxd5 13. e4 dxe4 14. Nxe4 Be7 15. Nc3 0-0 16. Rd1 Rad8 17. Qe2 Rfe8 18. Be3 Nd5 19. Nxd5 exd5 20. Bxd5 Nf6 21. Bb3 Nd5 22. Qf3 Qd6 23. Bd2 b6 24. Ba4 Rf8 25. Rac1 Rc8 26. Rxc8 Rxc8 27. Bb3 Rd8 28. Re1 Bf6 29. Re4 Qd7 30. g4 a4 31. Bxd5 1-0

[Event "Montevideo Trebejos Verano op"]
[Site "Montevideo"]
[Date "2019.02.01"]
[Round "7"]
[White "Soto, Nicolas"]
[Black "Carbone, Diego"]
[Result "0-1"]
[WhiteElo "1982"]
[BlackElo "2256"]
[PlyCount "62"]
[EventDate "2019.01.18"]
[EventType "swiss"]
[EventRounds "7"]
[EventCountry "URU"]
[SourceTitle "CBM 188 Extra"]
[Source "ChessBase"]
[SourceDate "2019.02.26"]
[SourceVersion "1"]
[SourceVersionDate "2019.02.26"]
[SourceQuality "1"]

1. e4 e5 2. Nf3 Nc6 3. Bb5 a6 4. Ba4 Nf6 5. Bxc6 dxc6 6. d3 Bc5 7. Nbd2 0-0 8. 0-0 Re8 9. Nc4 Nd7 10. a4 f6 11. Qe2 Nf8 12. Be3 Bd6 13. Nfd2 Ng6 14. Nxd6 cxd6 15. Nc4 Be6 16. Nb6 Rb8 17. a5 d5 18. f4 exf4 19. Bxf4 Nxf4 20. Rxf4 Qd6 21. Qf2 Qb4 22. c3 Qb5 23. exd5 cxd5 24. Rd4 Rbd8 25. b4 Bf7 26. Qd2 Re5 27. Re1 Rde8 28. Rxe5 Rxe5 29. Rf4 Qe8 30. h3 Re2 31. Re4 Qxe4 0-1

[Event "Montevideo Cao Memorial"]
[Site "Montevideo"]
[Date "2018.11.21"]
[Round "7"]
[White "Araque, Jairo"]
[Black "Soto, Nicolas"]
[Result "0-1"]
[WhiteElo "1952"]
[BlackElo "1957"]
[PlyCount "108"]
[EventDate "2018.11.07"]
[EventType "swiss"]
[EventRounds "7"]
[EventCountry "URU"]
[SourceTitle "CBM 187 Extra"]
[Source "ChessBase"]
[SourceDate "2018.11.04"]
[SourceVersion "1"]
[SourceVersionDate "2018.11.04"]
[SourceQuality "1"]

1. d4 d5 2. Bf4 Nf6 3. e3 c5 4. Nf3 Nc6 5. c3 Qb6 6. Qb3 c4 7. Qc2 Bf5 8. Qc1 h6 9. h3 e6 10. Nbd2 Be7 11. Be2 0-0 12. g4 Be4 13. Nxe4 Nxe4 14. h4 f6 15. Qc2 Rac8 16. Rh2 Qd8 17. 0-0-0 b5 18. Nd2 Nxc3 19. bxc3 Ba3+ 20. Kb1 Qa5 21. Ka1 b4 22. cxb4 Nxb4 23. Qc3 Bc1 24. a3 Bxa3 25. Nxc4 Bb2+ 26. Kxb2 Qa2+ 27. Kc1 Qxe2 28. Qxb4 Rxc4+ 29. Qxc4 Qxc4+ 30. Kd2 Rc8 31. g5 Qc2+ 32. Ke1 hxg5 33. hxg5 fxg5 34. Be5 Qe4 35. Kf1 Qf3 36. Rb1 a5 37. Rg2 g4 38. Rg3 Qh1+ 39. Rg1 Qh3+ 40. Ke2 Qf3+ 41. Kf1 a4 42. Rg3 Qh1+ 43. Rg1 Qh3+ 44. Ke2 Qf3+ 45. Kf1 a3 46. Ra1 a2 47. Rg3 Qh1+ 48. Rg1 Qh3+ 49. Ke2 Rc2+ 50. Ke1 Qh7 51. Kf1 Qe4 52. Bf4 Qf3 53. Rg2 Rb2 54. Rxa2 Rb1# 0-1

[Event "Montevideo Cao Memorial"]
[Site "Montevideo"]
[Date "2018.11.16"]
[Round "5"]
[White "Carvalho, Guillermo"]
[Black "Soto, Nicolas"]
[Result "1-0"]
[WhiteElo "2208"]
[BlackElo "1957"]
[PlyCount "69"]
[EventDate "2018.11.07"]
[EventType "swiss"]
[EventRounds "7"]
[EventCountry "URU"]
[SourceTitle "CBM 187 Extra"]
[Source "ChessBase"]
[SourceDate "2018.11.04"]
[SourceVersion "1"]
[SourceVersionDate "2018.11.04"]
[SourceQuality "1"]

1. Nf3 d5 2. e3 Nf6 3. c4 c6 4. Nc3 g6 5. cxd5 cxd5 6. Bb5+ Bd7 7. Be2 Bg7 8. Ne5 0-0 9. d4 e6 10. 0-0 Qb6 11. b3 Rd8 12. Ba3 Qa5 13. Be7 Re8 14. b4 Qa3 15. Bxf6 Qxc3 16. Bxg7 Kxg7 17. Rc1 Qxb4 18. Rb1 Qd6 19. Rxb7 Re7 20. Qb1 Nc6 21. Bb5 Rae8 22. Rxd7 Rxd7 23. Nxd7 Qxd7 24. Qc2 Rc8 25. Rc1 Nxd4 26. Qxc8 Qxc8 27. Rxc8 Nxb5 28. Ra8 e5 29. Kf1 d4 30. exd4 exd4 31. Ke1 Kf6 32. a4 Nc3 33. Rxa7 Ke6 34. a5 h5 35. a6 1-0

[Event "Montevideo Cao Memorial"]
[Site "Montevideo"]
[Date "2018.11.09"]
[Round "2"]
[White "Soto, Nicolas"]
[Black "Vaz Lacuesta, Leonardo"]
[Result "1-0"]
[WhiteElo "1957"]
[BlackElo "2125"]
[PlyCount "75"]
[EventDate "2018.11.07"]
[EventType "swiss"]
[EventRounds "7"]
[EventCountry "URU"]
[SourceTitle "CBM 187 Extra"]
[Source "ChessBase"]
[SourceDate "2018.11.04"]
[SourceVersion "1"]
[SourceVersionDate "2018.11.04"]
[SourceQuality "1"]

1. e4 e6 2. d4 d5 3. Nc3 Bb4 4. e5 c5 5. a3 Bxc3+ 6. bxc3 Ne7 7. Qg4 Qc7 8. Qxg7 Rg8 9. Qxh7 cxd4 10. Ne2 Nbc6 11. f4 Bd7 12. Qd3 dxc3 13. Nxc3 a6 14. Rb1 Rc8 15. h4 Na5 16. Rh3 Nf5 17. h5 Qc5 18. Bd2 Bc6 19. h6 Nc4 20. h7 Rh8 21. g4 Ne7 22. Ne2 Ng6 23. Qd4 Qxd4 24. Nxd4 Nxd2 25. Kxd2 Nxf4 26. Rh6 Ng6 27. Rh5 Nf4 28. Rh6 Ng6 29. Rxg6 fxg6 30. Bd3 Kd7 31. Bxg6 Rcf8 32. Ke3 b5 33. Bd3 Rf7 34. Rh1 Bb7 35. g5 Ke7 36. g6 Rg7 37. Kf4 Bc8 38. Kg5 1-0

[Event "URU-chTA"]
[Site "Montevideo"]
[Date "2018.07.08"]
[Round "5.23"]
[White "Soto, Nicolas"]
[Black "Benitez, Matias"]
[Result "1-0"]
[WhiteElo "1974"]
[BlackElo "2040"]
[PlyCount "125"]
[EventDate "2018.07.06"]
[EventType "team-swiss"]
[EventRounds "5"]
[EventCountry "URU"]
[SourceTitle "EXT 2019"]
[Source "ChessBase"]
[SourceDate "2018.10.10"]
[SourceVersion "1"]
[SourceVersionDate "2018.10.10"]
[SourceQuality "1"]
[WhiteTeam "Proa"]
[BlackTeam "Proa II"]
[WhiteTeamCountry "URU"]
[BlackTeamCountry "URU"]

1. e4 c5 2. Nf3 e6 3. c4 d5 4. cxd5 exd5 5. exd5 Nf6 6. Bb5+ Bd7 7. Qe2+ Qe7 8. Nc3 Bxb5 9. Nxb5 Qxe2+ 10. Kxe2 Nxd5 11. Re1 Nc6 12. Kf1+ Kd7 13. a3 Be7 14. Nc3 Nc7 15. d4 cxd4 16. Rd1 Ne6 17. Ne2 Rhd8 18. Be3 d3 19. Rxd3+ Ke8 20. Rad1 Bf6 21. b4 b6 22. Nfd4 Nexd4 23. Nxd4 Ne5 24. Rc3 Ng4 25. h3 Nxe3+ 26. Rxe3+ Kf8 27. Red3 Rd5 28. Nc6 Rxd3 29. Rxd3 a5 30. b5 Be7 31. a4 f6 32. Ke2 Bc5 33. f3 Kf7 34. Rd7+ Kg6 35. Rd8 Rxd8 36. Nxd8 Kf5 37. Nc6 h5 38. g3 g5 39. g4+ hxg4 40. hxg4+ Ke6 41. Kd3 Kd5 42. Kc3 Bd6 43. Nd8 Be5+ 44. Kd3 Kc5 45. Nc6 Ba1 46. Ne7 Kb4 47. Nd5+ Kxa4 48. Kc4 Ka3 49. Nxb6 Be5 50. Nd7 Bf4 51. b6 a4 52. Nc5 Bg3 53. b7 Bh2 54. Kb5 Kb2 55. Kxa4 Kc2 56. Kb5 Kd2 57. Ne4+ Ke3 58. Kc6 Kxf3 59. Nd6 Kxg4 60. b8Q Kf3 61. Qb3+ Kg2 62. Qc2+ Kh3 63. Nf5 1-0